000 01316nam a2200325 i 4500
003 EG-GICUC
005 20260214204531.0
008 260210s2009 ua ||||fr|||| 001 0 ara d
017 _a2008/10010
040 _a EG-GICUC
_bara
_c EG-GICUC
_d EG-GICUC
_erda
041 _aara
082 0 4 _a343.421
_bص ف . أ
_221
092 0 4 _221
099 _aLaw1 10 343.421 ص ف . أ 2009 1006460
100 0 _aصفوت محمود درويش.
_eمؤلف.
245 1 2 _aالأسباب الشائعة لأحكام البراءة في قضايا المخدرات /
_cلواء صفوت محمود درويش.
264 1 _aالإسكندرية، مصر :
_bدار المطبوعات الجامعية،
_c2009.
300 _a413 صفحة ؛
_c24 سم.
_bإيضاحيات، صور، مثيليات ؛
336 _2rda content
_atext
337 _2rda media
_aComputer
338 _2rda carrier
_aOnline Resource
504 _aيشتمل على ارجاعات ببليوجرافية.
546 _aالنص باللغة العربية
650 1 _a التشريعات المتعلقة بالمخدرات.
_2qrmak
650 1 _aالتشريعات الجنائية الخاصة.
_2qrmak
651 1 _2qrmak
856 4 0 _uhttps://fll.law.cu.edu.eg/fulltext/bks/B10-06460.pdf
905 _a18
942 _2ddc
_n0
_cBK
_e21
999 _c62354
_d62354